Orientación educativa y tutoría (Record no. 13982)

MARC details
000 -LEADER
campo de control de longitud fija 00993nam a2200349 a 4500
003 - IDENTIFICADOR DE NÚMERO DE CONTROL
campo de control AR-BaBNM
005 - FECHA Y HORA DE LA ÚLTIMA TRANSACCIÓN
campo de control 20251128210103.0
008 - DATOS DE LONGITUD FIJA--INFORMACIÓN GENERAL
campo de control de longitud fija 082120s2002 ||||||||||||||000 | spa||
040 ## - FUENTE DE CATALOGACIÓN
Centro/agencia transcriptor AR-BaBNM
100 1# - ENTRADA PRINCIPAL--NOMBRE DE PERSONA
Nombre de persona Müller, Marina
245 00 - MENCIÓN DEL TÍTULO
Título Orientación educativa y tutoría
Resto del título docentes tutores
260 ## - PUBLICACIÓN, DISTRIBUCIÓN, ETC.
Lugar de publicación, distribución, etc. [S.l.]
Nombre del editor, distribuidor, etc. La autora
Fecha de publicación, distribución, etc. 1997
504 ## - NOTA DE BIBLIOGRAFÍA, ETC.
Nota de bibliografía, etc. Nota Contiene bibliografía
650 #4 - PUNTO DE ACCESO ADICIONAL DE MATERIA--TÉRMINO DE MATERIA
Término de materia o nombre geográfico como elemento de entrada TUTORIA
650 #4 - PUNTO DE ACCESO ADICIONAL DE MATERIA--TÉRMINO DE MATERIA
Término de materia o nombre geográfico como elemento de entrada PROFESORES-TUTORES
650 #4 - PUNTO DE ACCESO ADICIONAL DE MATERIA--TÉRMINO DE MATERIA
Término de materia o nombre geográfico como elemento de entrada TRABAJO EN EQUIPO
650 #4 - PUNTO DE ACCESO ADICIONAL DE MATERIA--TÉRMINO DE MATERIA
Término de materia o nombre geográfico como elemento de entrada FUNCIONES DE LA ORIENTACION
650 #4 - PUNTO DE ACCESO ADICIONAL DE MATERIA--TÉRMINO DE MATERIA
Término de materia o nombre geográfico como elemento de entrada OBJETIVOS DE LA ORIENTACION
650 #4 - PUNTO DE ACCESO ADICIONAL DE MATERIA--TÉRMINO DE MATERIA
Término de materia o nombre geográfico como elemento de entrada ORIENTACION PEDAGOGICA
650 #4 - PUNTO DE ACCESO ADICIONAL DE MATERIA--TÉRMINO DE MATERIA
Término de materia o nombre geográfico como elemento de entrada ORIENTACION PROFESIONAL
650 #4 - PUNTO DE ACCESO ADICIONAL DE MATERIA--TÉRMINO DE MATERIA
Término de materia o nombre geográfico como elemento de entrada PSICOLOGIA DE LA EDUCACION
650 #4 - PUNTO DE ACCESO ADICIONAL DE MATERIA--TÉRMINO DE MATERIA
Término de materia o nombre geográfico como elemento de entrada DIAGNOSTICO EDUCACIONAL
650 #4 - PUNTO DE ACCESO ADICIONAL DE MATERIA--TÉRMINO DE MATERIA
Término de materia o nombre geográfico como elemento de entrada ENTREVISTAS
650 #4 - PUNTO DE ACCESO ADICIONAL DE MATERIA--TÉRMINO DE MATERIA
Término de materia o nombre geográfico como elemento de entrada REGISTROS DE ALUMNOS
653 ## - TÉRMINO DE INDIZACIÓN--NO CONTROLADO
Término no controlado ORIENTACION EDUCATIVA
653 ## - TÉRMINO DE INDIZACIÓN--NO CONTROLADO
Término no controlado EDUCACION SECUNDARIA
653 ## - TÉRMINO DE INDIZACIÓN--NO CONTROLADO
Término no controlado TEMAS TRANSVERSALES
653 ## - TÉRMINO DE INDIZACIÓN--NO CONTROLADO
Término no controlado ORIENTACION VOCACIONAL
653 ## - TÉRMINO DE INDIZACIÓN--NO CONTROLADO
Término no controlado PSICOPEDAGOGIA
942 ## - ELEMENTOS DE ENTRADA SECUNDARIOS (KOHA)
Tipo de ítem Koha Libros
998 ## - INFORMACIÓN DE CONTROL LOCAL (RLIN)
Iniciales del catalogador, CIN (RLIN) Raquel
Holdings
Estatus retirado Estado de pérdida Fuente de la clasificación o esquema de estantería Estado de daño Restricciones de uso No para préstamo Biblioteca de origen Biblioteca actual Fecha de adquisición Total de préstamos Signatura topográfica completa Código de barras Visto por última vez Precio de reemplazo Tipo de ítem Koha
    Clasificación Decimal Dewey   Acceso restringido No para préstamo Liberty Liberty 28/11/2025   37.048 MULR 116730 28/11/2025 28/11/2025 Libros